000 00537nam a2200217Ia 4500
001 13953
003 GE_BSU
008 181216s||||||||xx |||||||||||||| ||und||
020 _a091030102
040 _cGE_BSU
080 _a338.22
100 _aStacey,A.H.Nicholas.
245 _aMergers in modern business.
245 _cManaging director Chesham Amalgamations & investments Ltd.
260 _aLondon.
260 _bHutchinson.
260 _c1966.
300 _a170p;21cm.
653 _aMergers in modern business.
942 _cBK
999 _c47096
_d47096